| 000 | 01129cam a2200277 i 4500 | ||
|---|---|---|---|
| 999 |
_c58723 _d58723 |
||
| 001 | 17741146 | ||
| 005 | 20221107122511.0 | ||
| 006 | m |o d | | ||
| 007 | cr_||||||||||| | ||
| 008 | 130516s2014 enk obf 001 0 eng | ||
| 010 | _a 2013020035 | ||
| 020 | _a9781118688922 (pbk.) X | ||
| 080 | _a616.15-097.34 D-18 | ||
| 100 | 1 |
_aDaniels, Geoff, _eauthor. _914318 |
|
| 245 | 1 | 0 |
_aEssential guide to blood groups / _cGeoff Daniels, Imelda Bromilow. |
| 250 | _aThird edition. | ||
| 264 | 1 |
_aChichester, West Sussex, UK : _bWiley Blackwell, _c2014. |
|
| 300 |
_a119 p.: _bill; _c20 cm. |
||
| 588 | _aDescription based on print version record and CIP data provided by publisher. | ||
| 650 | 1 | 2 |
_aBlood Group Antigens _vHandbooks. _914319 |
| 653 | _aსისხლის ჯგუფის ანტიგენები | ||
| 653 | _aშესავალი სისხლის ჯგუფებში-სისხლის ჯგუფის გამოყენების ტექნიკა | ||
| 653 | _aმედიცინა | ||
| 700 | 1 |
_aBromilow, Imelda, _eauthor. _914320 |
|
| 942 |
_2udc _cBK |
||